Paláce /

Saved in:
Bibliographic Details
Main Author: Anderson, Janice 1940- (Author)
Other Authors: Liebl, Petr 1935- (Translator)
Format: Book
Language:Czech
English
Published: Bratislava : Perfekt, 2009
Edition:1. vyd.
Subjects:
ISBN:9788080464363
Online Access: Get full text
Tags: Add Tag
No Tags, Be the first to tag this record!

MARC

LEADER 00000nam a2200000 4500
003 SK-BrCVT
005 20220621162542.0
008 091124s2009 xo e ||||||cze d
020 |a 9788080464363 
035 |a CVTIDW1513718 
040 |b slo  |a CVTI SR  |e AACR2 
041 1 |a cze  |h eng 
044 |a xo 
080 |a 728.8(100)  |2 UDC-MRF 
080 |a 725.17  |2 UDC-MRF 
100 1 |a Anderson, Janice  |d 1940-,  |4 aut 
245 1 0 |a Paláce /  |c Janice Andersonová ; z anglického originálu přeložil: Petr Liebl 
250 |a 1. vyd. 
260 |a Bratislava :  |b Perfekt,  |c 2009 
300 |a 272 s. :  |b fotogr. ; 
653 1 |a kráľovský palác  |a stredoveký hrad  |a cársky palác  |a arcibiskupské sídlo 
700 1 |a Liebl, Petr  |d 1935-,  |4 trl 
910 |b A609348 
919 |a 978-80-8046-436-3 
974 |f Knihy 
992 |a AOP 
999 |c 151095  |d 151095